Galian

Bibliographic Details
Format: Book
Published: Kelang : Penerbitan Tunggal , 1986
Series:Kejadin Alam Semulajadi
Subjects:

MARC

LEADER 00000cam a2200000 7i4500
001 0000007271
002 000007822
005 20000330.0
020 |a T000000621 
090 0 0 |a J 333.7   |b KEJ 
245 1 0 |a Galian 
260 |a Kelang :   |b Penerbitan Tunggal ,   |c 1986 
300 |a 23 p. :   |b ill. ;   |c 18 cm. 
490 0 |a Kejadin Alam Semulajadi 
650 0 0 |a Minerals   |x Juvenile literature 
999 |a 0005596   |b BUKU   |c PINJAMAN   |e PERPUSTAKAAN KOMUNITI PETALING JAYA